Modi A Textbook Of Medical Jurisprudence and Toxicology/ (Record no. 200866)

MARC details
000 -LEADER
fixed length control field 00615nam a22001937a 4500
005 - DATE AND TIME OF LATEST TRANSACTION
control field 20240216145533.0
010 ## - LCCN (DPL NO)
LC control number ENG-139341
020 ## - INTERNATIONAL STANDARD BOOK NUMBER
Terms of availability 2495.00
International Standard Book Number 9789391211240
035 ## - SYSTEM CONTROL NUMBER
System control number EN-122873
037 ## - SOURCE OF ACQUISITION
Source of stock number/acquisition DBAD/PUB
082 ## - DEWEY DECIMAL CLASSIFICATION NUMBER
Classification number 614.1
100 ## - MAIN ENTRY--PERSONAL NAME
Personal name Kannan , K
245 ## - TITLE STATEMENT
Title Modi A Textbook Of Medical Jurisprudence and Toxicology/
Statement of responsibility, etc By K Kannan
250 ## - EDITION STATEMENT
Edition statement 27
260 ## - PUBLICATION, DISTRIBUTION, ETC. (IMPRINT)
Place of publication, distribution, etc Haryana
Name of publisher, distributor, etc LexisNexis
Date of publication, distribution, etc 2022
270 ## - ADDRESS
Address 14 floor,Building no.10, Tower-B,DLF Cyber City ,Phase-II
City Gurgaon
Postal code 122002
Telephone number 911244774444
Fax number 911244774100
300 ## - PHYSICAL DESCRIPTION
Extent 518p.
Dimensions 24cm(pb)
942 ## - ADDED ENTRY ELEMENTS (KOHA)
Source of classification or shelving scheme Dewey Decimal Classification
Item type English Books
Call number suffix KAN
Classification part 614.1
Holdings
Withdrawn status Lost status Not for loan Collection code Home library Current library Date acquired Source of acquisition Cost, normal purchase price Full call number Barcode Cost, replacement price Koha item type
    Not For Loan Non-fiction Sarojini Nagar Sarojini Nagar 16/02/2024 DBAD/PUB 2495.00 KAN 614.1 EN-122873 2495.00 English Books

© Delhi Public Library
Hit Counter
free hit counter